000
00292nam a2200109 a 4500
005
20201002044926.0
008
140403s1971 000 spa d
100
_a
Turguiniev, Ivan S.
_9
71522
245
0
_a
Lluvias primaverales.
260
_a
Madrid -- Libra,
_c
1971 -- 179 p.
999
_c
43189
_d
43189
040
_a
DO-SdBNP